[Event "Jugendweltmeisterschaft U10"]
[Site "Belfort"]
[Date "2005.07.21"]
[Round "3.4"]
[White "Krayushkin, Nikita"]
[Black "Grover, Sahaj"]
[Result "0-1"]
[WhiteElo "1599"]
[BlackElo "1955"]
[PlyCount "90"]
[EventDate "2005.07.18"]

1. Nf3 d5 2. g3 c6 3. Bg2 Bg4 4. d4 Nd7 5. O-O Ngf6 6. c3 g6 7. Bf4 Bg7 8. Ne5
Bf5 9. Nd2 O-O 10. Ndf3 Ne4 11. Nd3 Re8 12. Nd2 Nxd2 13. Qxd2 f6 14. f3 e5 15.
Be3 Bxd3 16. Qxd3 f5 17. Rad1 Qe7 18. Kf2 exd4 19. Bxd4 Bxd4+ 20. cxd4 g5 21.
e3 f4 22. exf4 gxf4 23. Rfe1 Qg5 24. Bh3 Nf6 25. Qf5 Qh6 26. Re5 Kh8 27. Qxf4
Qxf4 28. gxf4 b6 29. Rc1 c5 30. dxc5 bxc5 31. Rxc5 Red8 32. Rc2 d4 33. Rd2 Rab8
34. Re6 Rb6 35. Rxb6 axb6 36. Be6 Nh5 37. f5 Kg7 38. Bc4 Kf6 39. Bd3 Nf4 40.
Be4 Ke5 41. Ke1 d3 42. f6 Kd4 43. Kf2 Rg8 44. f7 Nh3+ 45. Kf1 Rg1# 0-1

[Event "Jugendweltmeisterschaft U10w"]
[Site "Belfort"]
[Date "2005.07.21"]
[Round "3.9"]
[White "Efroimski, Marsel"]
[Black "Wang, Jie"]
[Result "0-1"]
[WhiteElo "1599"]
[BlackElo "1599"]
[PlyCount "116"]

1. e4 c5 2. Nf3 d6 3. d4 cxd4 4. Nxd4 Nf6 5. Nc3 a6 6. Bg5 e6 7. f4 Be7 8. Qf3
Qc7 9. O-O-O Nbd7 10. g4 b5 11. Bxf6 Nxf6 12. g5 Nd7 13. f5 Bxg5+ 14. Kb1 Ne5
15. Qh5 Qd8 16. Rg1 Bf6 17. fxe6 O-O 18. Bh3 Ng6 19. exf7+ Rxf7 20. Bg2 Nf4 21.
Qf3 Bxd4 22. Rxd4 Nh3 23. Qe3 Nxg1 24. e5 Bb7 25. Bxb7 Rxb7 26. Qxg1 Qf8 27.
exd6 Rf7 28. Rd1 Rd8 29. Ne4 Rf4 30. Qc5 Rf1 31. Qd5+ Kh8 32. b3 h6 33. Rxf1
Qxf1+ 34. Kb2 Qh3 35. Qb7 Qe6 36. Qc7 Qe5+ 37. Kb1 Rf8 38. Ng3 h5 39. Qd7 h4
40. Qh3 g5 41. d7 Kg8 42. Nf5 Qe1+ 43. Kb2 b4 44. Nh6+ Kg7 45. Nf5+ Kg6 46. Ne3
Qc3+ 47. Kb1 Qf6 48. Qg4 Qe7 49. Qd4 a5 50. Qd3+ Kf7 51. Qd5+ Kg6 52. Qd3+ Kh5
53. Qe2+ Kg6 54. Qd3+ Kh5 55. Qe2+ Kg6 56. Qd3+ Kf7 57. Qc4+ {133 moves} Kg6
58. Qc7 Qe6 0-1

[Event "Jugendweltmeisterschaft U18"]
[Site "Belfort (FRA)"]
[Date "2005.07.22"]
[Round "4.1"]
[White "Khairullin, Ildar"]
[Black "Tukhaev, Adam"]
[Result "1-0"]
[WhiteElo "2538"]
[BlackElo "2438"]
[PlyCount "49"]
[EventDate "2005.07.18"]

1. e4 c5 2. Ne2 d6 3. g3 g6 4. Bg2 Bg7 5. c3 Nc6 6. d4 cxd4 7. cxd4 e5 8. d5
Nce7 9. O-O Nf6 10. Nbc3 O-O 11. h3 Ne8 12. Be3 h6 13. Qd2 Kh7 14. Kh2 f5 15.
f4 exf4 16. Nxf4 Nf6 17. Bd4 fxe4 18. Nxe4 Nf5 19. Nxf6+ Bxf6 20. Bxf6 Rxf6 21.
Be4 Qe7 22. Rae1 Qf7 23. Qd3 Kg7 24. g4 Nh4 25. Bxg6 1-0

[Event "Jugendweltmeisterschaft U18w"]
[Site "Belfort (FRA)"]
[Date "2005.07.22"]
[Round "4.2"]
[White "Kovanova, Baira"]
[Black "Purtseladze, Maka"]
[Result "1/2-1/2"]
[WhiteElo "2321"]
[BlackElo "2313"]
[PlyCount "89"]
[EventDate "2005.07.18"]

1. e4 c6 2. Nc3 d5 3. Nf3 Bg4 4. Be2 e6 5. d4 Bb4 6. h3 Bh5 7. exd5 cxd5 8. Ne5
Bxe2 9. Qxe2 Ne7 10. O-O Nbc6 11. Nxc6 Nxc6 12. Qb5 Qd7 13. Ne2 O-O 14. c3 Bd6
15. Bf4 Bxf4 16. Nxf4 Qc7 17. Ne2 a6 18. Qd3 b5 19. f4 g6 20. Nc1 Na5 21. Nb3
Qc4 22. Qd1 Nb7 23. Qe1 a5 24. Nd2 Qc6 25. Qh4 Nd6 26. Nf3 f6 27. Nd2 b4 28.
Qe1 bxc3 29. bxc3 Ne4 30. Rc1 Rab8 31. Nxe4 dxe4 32. c4 Rb2 33. Rf2 Rxf2 34.
Qxf2 Rb8 35. f5 exf5 36. d5 Qd6 37. Qd4 Qa3 38. Rd1 Rb2 39. Qxf6 Rxg2+ 40. Kxg2
Qf3+ 41. Kh2 Qe2+ 42. Kg3 Qf3+ 43. Kh2 Qe2+ 44. Kg3 Qf3+ 45. Kh2 1/2-1/2

[Event "Jugendweltmeisterschaft U16"]
[Site "Belfort (FRA)"]
[Date "2005.07.22"]
[Round "4.11"]
[White "Maenhout, Thibaut"]
[Black "Lenderman, Alex"]
[Result "1-0"]
[WhiteElo "2150"]
[BlackElo "2378"]
[PlyCount "117"]
[EventDate "2005.07.18"]

1. e4 e5 2. Nf3 Nc6 3. Bb5 a6 4. Ba4 Nf6 5. O-O Be7 6. Re1 b5 7. Bb3 O-O 8. h3
d6 9. c3 Na5 10. Bc2 c5 11. d4 Qc7 12. Nbd2 cxd4 13. cxd4 Nc6 14. Nb3 a5 15.
Be3 a4 16. Nbd2 a3 17. bxa3 Rxa3 18. Bb3 Ra8 19. Rc1 Qb7 20. Nb1 exd4 21. Nxd4
Na5 22. Bg5 Bd7 23. Nc3 Rac8 24. Bxf6 Bxf6 25. Nd5 Bd8 26. Qd3 Rc5 27. Qg3 Qa6
28. Nf5 Bxf5 29. exf5 Nxb3 30. f6 g6 31. Qxb3 Qc6 32. Rcd1 Re8 33. Qf3 h5 34.
Ne7+ Bxe7 35. Rxe7 Ra8 36. Qf4 Rf5 37. Rxd6 Qc5 38. Qd2 Rf8 39. Red7 Qe5 40.
Rd8 Rxf6 41. Rxf8+ Kxf8 42. Rd5 Qa1+ 43. Kh2 Qf1 44. Qh6+ Ke7 45. Re5+ Kd6 46.
Re3 Qxf2 47. Qf8+ Kd5 48. Qd8+ Kc5 49. Qc7+ Kd4 50. Qe5+ Kc4 51. Rc3+ Kb4 52.
Rb3+ Kc4 53. Qxb5+ Kd4 54. Rd3+ Ke4 55. Qd5+ Kf4 56. Rd4+ Qxd4 57. Qxd4+ Kg5
58. a4 Rf5 59. h4+ 1-0

[Event "Jugendweltmeisterschaft U16w"]
[Site "Belfort (FRA)"]
[Date "2005.07.22"]
[Round "4.2"]
[White "Muzychuk, Anna"]
[Black "Mikadze, Miranda"]
[Result "1/2-1/2"]
[WhiteElo "2364"]
[BlackElo "2210"]
[PlyCount "83"]
[EventDate "2005.07.18"]

1. c4 Nf6 2. Nc3 c5 3. e4 d6 4. Nge2 a6 5. d4 cxd4 6. Nxd4 e6 7. Be2 Be7 8. O-O
O-O 9. b3 Qc7 10. Bb2 b6 11. f4 Bb7 12. Bf3 Nbd7 13. Qe2 Rac8 14. Kh1 Rfd8 15.
Rac1 Qb8 16. g4 Nf8 17. g5 N6d7 18. Bg2 Re8 19. Qg4 Bd8 20. f5 Ne5 21. Qg3 b5
22. cxb5 Bb6 23. Nc6 Nxc6 24. bxc6 Bxc6 25. fxe6 fxe6 26. Ba3 Bc5 27. Bxc5 dxc5
28. Qxb8 Rxb8 29. e5 Bxg2+ 30. Kxg2 Rb4 31. Na4 Rg4+ 32. Kh1 Rxg5 33. Nxc5 a5
34. Rce1 Ng6 35. Nd7 h5 36. Rg1 Rxg1+ 37. Rxg1 Kf7 38. Rf1+ Ke7 39. Rg1 Kf7 40.
Rf1+ Ke7 41. Rg1 Ra8 42. Ra1 1/2-1/2

[Event "Jugendweltmeisterschaft U14"]
[Site "BELFORT"]
[Date "2005.07.22"]
[Round "4.15"]
[White "Le, Quang Liem"]
[Black "Hohluks, Aleksandrs"]
[Result "1-0"]
[WhiteElo "2326"]
[BlackElo "2055"]
[PlyCount "105"]
[EventDate "2005.07.18"]

1. d4 c5 2. d5 g6 3. Nc3 d6 4. e4 Bg7 5. f4 f5 6. Bb5+ Bd7 7. Bxd7+ Qxd7 8. Nf3
Bxc3+ 9. bxc3 fxe4 10. Ng5 Nf6 11. c4 h6 12. Ne6 Na6 13. Rb1 Rb8 14. Bb2 h5 15.
O-O Nc7 16. f5 gxf5 17. Ng7+ Kd8 18. Nxf5 Nce8 19. Qd2 Rg8 20. Qh6 Kc7 21. h3
b5 22. cxb5 Nxd5 23. Qh7 Nef6 24. Bxf6 exf6 25. Qxd7+ Kxd7 26. Rbd1 Nc3 27.
Rxd6+ Kc7 28. Rc6+ Kd7 29. Rxc5 Rgc8 30. Rxc8 Rxc8 31. Ng7 Rc5 32. Rxf6 e3 33.
Rf7+ Kd6 34. Rf3 e2 35. Kf2 Re5 36. Ke1 Nxb5 37. Rf5 Nd4 38. Rxe5 Nxc2+ 39.
Kxe2 Kxe5 40. Nxh5 a5 41. g3 Nb4 42. a3 Nc2 43. a4 Nd4+ 44. Kd3 Kd5 45. Nf6+
Kc5 46. Ne4+ Kd5 47. h4 Nf5 48. h5 Nh6 49. Nf2 Kc5 50. g4 Kb4 51. g5 Nf7 52. g6
Nh6 53. g7 1-0

[Event "Jugendweltmeisterschaft U GU14"]
[Site "BELFORT"]
[Date "2005.07.22"]
[Round "4.1"]
[White "Kulon, Klaudia"]
[Black "Tairova, Elena"]
[Result "0-1"]
[WhiteElo "2069"]
[BlackElo "2232"]
[PlyCount "112"]
[EventDate "2005.07.18"]

1. e4 e6 2. d4 d5 3. Nc3 Nf6 4. Bg5 Bb4 5. e5 h6 6. Bd2 Bxc3 7. bxc3 Ne4 8. Bd3
Nxd2 9. Qxd2 c5 10. dxc5 Qa5 11. Nf3 Qxc5 12. O-O Nc6 13. Rfe1 Bd7 14. Rab1 b6
15. Re3 Rc8 16. Rbe1 b5 17. a3 a6 18. Qc1 Qxc3 19. Bxb5 Qa5 20. Bxc6 Rxc6 21.
Nd4 Rc3 22. Qd2 Rxa3 23. c3 Ke7 24. Rc1 Rc8 25. Rg3 Ra1 26. h4 Qa2 27. Qf4
Rxc1+ 28. Qxc1 Kf8 29. Rf3 Rb8 30. Qf4 Qb1+ 31. Kh2 Qg6 32. g3 a5 33. Qc1 a4
34. Qa3+ Ke8 35. Qd6 Rc8 36. Kh3 Qh5 37. Kg2 g5 38. hxg5 hxg5 39. g4 Qg6 40.
Kg3 Qg7 41. Kg2 Qf8 42. Qa6 Qc5 43. Qd3 a3 44. Qa6 Rb8 45. Rh3 Ke7 46. Nf5+ Kd8
47. Nd6 Kc7 48. c4 dxc4 49. Rxa3 Qc6+ 50. Kg3 Rb3+ 51. Rxb3 Qxa6 52. Rc3 Bb5
53. f4 Qa5 54. Rc2 Qe1+ 55. Kg2 Bc6+ 56. Kh3 Qh4# 0-1

[Event "Jugendweltmeisterschaft U12w"]
[Site "Belfort (FRA)"]
[Date "2005.07.22"]
[Round "4.3"]
[White "Szabo, Noemi"]
[Black "Arabidze, Meri"]
[Result "1/2-1/2"]
[WhiteElo "1939"]
[BlackElo "1599"]
[PlyCount "75"]
[EventDate "2005.07.18"]

1. e4 c5 2. Nf3 e6 3. d4 cxd4 4. Nxd4 a6 5. Bd3 Nf6 6. c4 d6 7. Nc3 Bd7 8. O-O
Nc6 9. Nb3 Qc7 10. f4 Be7 11. Bd2 O-O 12. Rc1 Rac8 13. Kh1 Qb8 14. Qe2 Rfe8 15.
Rce1 e5 16. Nd5 Bd8 17. f5 Nd4 18. Nxd4 exd4 19. Qf2 Nxd5 20. cxd5 Bf6 21. g4
Bb5 22. Bxb5 axb5 23. g5 Be5 24. f6 Rc2 25. fxg7 Qc7 26. Rc1 Rxc1 27. Rxc1 Qd7
28. Qf3 Kxg7 29. Bf4 Rc8 30. Bxe5+ dxe5 31. Qf6+ Kg8 32. Rxc8+ Qxc8 33. Qxe5
Qc1+ 34. Kg2 d3 35. Qe8+ Kg7 36. Qe5+ Kg8 37. Qe8+ Kg7 38. Qe5+ 1/2-1/2

[Event "Jugendweltmeisterschaft U10"]
[Site "Belfort"]
[Date "2005.07.22"]
[Round "4.3"]
[White "Grover, Sahaj"]
[Black "Beradze, Irakli"]
[Result "1-0"]
[WhiteElo "1955"]
[BlackElo "1599"]
[PlyCount "107"]
[EventDate "2005.07.18"]

1. e4 c6 2. d4 d5 3. e5 Bf5 4. Be3 e6 5. Nd2 Nd7 6. c3 Ne7 7. Ngf3 Bg6 8. Be2
Nf5 9. Bf4 Qb6 10. b4 Be7 11. h4 h6 12. g4 Nxh4 13. Nxh4 Bh7 14. Nhf3 O-O-O 15.
a4 Qc7 16. Nb3 Bg6 17. Nc5 Nxc5 18. bxc5 Qa5 19. Qb3 h5 20. gxh5 Rxh5 21. Rxh5
Bxh5 22. Qb4 Qxb4 23. cxb4 Rh8 24. Kd2 Bg4 25. Rg1 Bxf3 26. Bxf3 g5 27. Be3 Rg8
28. Rh1 g4 29. Rg1 Kd7 30. Rxg4 Rxg4 31. Bxg4 f6 32. f4 fxe5 33. fxe5 Bh4 34.
Kc3 a6 35. Be2 Kc7 36. Bd2 Bf2 37. Kd3 Kd7 38. Bc3 Kc7 39. Bg4 Kd7 40. Ke2 Bh4
41. Kf3 Bg5 42. Bh3 Bc1 43. Kg4 Be3 44. Kh5 Bc1 45. Kg6 Ke7 46. Be1 Ba3 47.
Bh4+ Kd7 48. Kf7 Bxb4 49. Bxe6+ Kc7 50. Bg4 Bc3 51. e6 Bxd4 52. Bg3+ Be5 53.
Bxe5+ Kc8 54. e7# 1-0

[Event "Jugendweltmeisterschaft U10w"]
[Site "Belfort"]
[Date "2005.07.22"]
[Round "4.4"]
[White "Wang, Jie"]
[Black "Fataliyeva, Ulviyya"]
[Result "0-1"]
[WhiteElo "1599"]
[BlackElo "1599"]
[PlyCount "130"]
[EventDate "2005.07.18"]

1. e4 e6 2. d4 d5 3. Nc3 dxe4 4. Nxe4 Nd7 5. Nf3 Be7 6. Bd3 Ngf6 7. Nxf6+ Bxf6
8. O-O c5 9. c3 cxd4 10. cxd4 Nb6 11. Bf4 Nd5 12. Bg3 O-O 13. Be4 Qb6 14. Bxd5
exd5 15. Qd2 Bf5 16. Ne5 Rac8 17. Rac1 Be7 18. f3 Bb4 19. Qf4 Be6 20. Nd3 Rfd8
21. Qe3 Qa5 22. Nxb4 Qxb4 23. b3 Re8 24. Rxc8 Rxc8 25. f4 Re8 26. Re1 Kf8 27.
Qd3 g6 28. Re5 Bf5 29. Qe3 Rxe5 30. Qxe5 Qd2 31. Qh8+ Ke7 32. Bh4+ Kd7 33. Qd8+
Kc6 34. Qe8+ Bd7 35. Qe5 Qxa2 36. Be7 Qb1+ 37. Kf2 Qc2+ 38. Kg3 Qxb3+ 39. Kh4
Kb5 40. Qd6 Bc6 41. Qc5+ Ka6 42. Bd8 Qb5 43. Qa3+ Qa4 44. Qc5 b6 45. Qd6 Bb7
46. Qe5 Qd7 47. Be7 Qe6 48. Kg5 Qxe5+ 49. fxe5 Bc8 50. Kf4 Kb5 51. Ke3 Kc4 52.
h4 b5 53. Bc5 a5 54. Kd2 Bf5 55. g4 Bxg4 56. Kc2 Bf5+ 57. Kb2 b4 58. Bb6 a4 59.
Bc5 a3+ 60. Ka1 Kc3 61. h5 gxh5 62. e6 fxe6 63. Bb6 b3 64. Ba5+ Kc2 65. Bd2 b2+
0-1

[Event "Jugendweltmeisterschaft U18"]
[Site "Belfort (FRA)"]
[Date "2005.07.23"]
[Round "5.1"]
[White "Bluvshtein, Mark"]
[Black "Khairullin, Ildar"]
[Result "1-0"]
[WhiteElo "2525"]
[BlackElo "2538"]
[PlyCount "75"]
[EventDate "2005.07.18"]

1. d4 Nf6 2. c4 c5 3. d5 b5 4. cxb5 a6 5. bxa6 g6 6. Nc3 Bxa6 7. g3 Bg7 8. Bg2
d6 9. Nf3 Nbd7 10. Rb1 O-O 11. O-O Qa5 12. Bd2 Rfb8 13. Qc2 Nb6 14. b3 Qa3 15.
Bc1 Qa5 16. Rd1 Ne8 17. Bb2 Nc7 18. e4 Bc8 19. a4 Ra7 20. Rdc1 Rab7 21. Bf1 f5
22. e5 Bd7 23. Re1 Re8 24. Nb5 Bxb5 25. axb5 Qa8 26. exd6 exd6 27. Bxg7 Kxg7
28. Qc3+ Kg8 29. Qf6 Rxe1 30. Rxe1 Qf8 31. Qe7 Qxe7 32. Rxe7 Ra7 33. Ng5 Nc8
34. Rd7 Nb6 35. Rxd6 Ncxd5 36. Rxd5 Nxd5 37. Bc4 Rd7 38. b6 1-0

[Event "Jugendweltmeisterschaft U18w"]
[Site "Belfort (FRA)"]
[Date "2005.07.23"]
[Round "5.3"]
[White "Kulovana, Eva"]
[Black "Purtseladze, Maka"]
[Result "0-1"]
[WhiteElo "2137"]
[BlackElo "2313"]
[PlyCount "72"]
[EventDate "2005.07.18"]

1. e4 c6 2. d4 d5 3. Nd2 dxe4 4. Nxe4 Bf5 5. Ng3 Bg6 6. h4 h6 7. Nf3 Nd7 8. h5
Bh7 9. Bd3 Bxd3 10. Qxd3 e6 11. Bf4 Qa5+ 12. Bd2 Bb4 13. c3 Be7 14. c4 Qa6 15.
O-O Ngf6 16. Rfe1 Rd8 17. Qe2 O-O 18. Ne5 c5 19. Nxd7 Rxd7 20. dxc5 Bxc5 21.
Be3 Bxe3 22. Qxe3 Qxc4 23. Qxa7 Qb5 24. b3 Nxh5 25. a4 Qg5 26. Nxh5 Qxh5 27. b4
Rc8 28. b5 Rc4 29. g3 Rcd4 30. b6 Qf3 31. a5 h5 32. Re3 Rd1+ 33. Re1 h4 34.
Raxd1 h3 35. Qb8+ Kh7 36. Kf1 h2 0-1

[Event "Jugendweltmeisterschaft U16w"]
[Site "Belfort (FRA)"]
[Date "2005.07.23"]
[Round "5.3"]
[White "Benmesbah, Natacha"]
[Black "Muzychuk, Anna"]
[Result "1-0"]
[WhiteElo "2127"]
[BlackElo "2364"]
[PlyCount "82"]
[EventDate "2005.07.18"]

1. e4 c5 2. c3 e5 3. d4 cxd4 4. cxd4 exd4 5. Nf3 Nc6 6. Nxd4 Bb4+ 7. Bd2 Qe7 8.
Nxc6 Qxe4+ 9. Be2 dxc6 10. O-O Nf6 11. Bf3 Qe7 12. Qa4 Bxd2 13. Nxd2 O-O 14.
Rfe1 Be6 15. Qh4 Rfe8 16. Nb3 Rad8 17. Qg3 Qb4 18. h3 Bxb3 19. Rxe8+ Rxe8 20.
axb3 a6 21. Bg4 g6 22. Qc3 Qxc3 23. bxc3 Nxg4 24. hxg4 Rd8 25. Re1 Kf8 26. Re3
a5 27. g5 b5 28. Rh3 Kg7 29. Re3 Rd7 30. Kf1 a4 31. bxa4 bxa4 32. c4 Rd4 33.
Rc3 c5 34. Ke2 h6 35. gxh6+ Kxh6 36. Ra3 Rxc4 37. Kd3 Rf4 38. f3 Rd4+ 39. Ke3
Rb4 40. Kd2 Kg5 41. Rc3 c4 1-0

[Event "Jugendweltmeisterschaft U14"]
[Site "BELFORT"]
[Date "2005.07.23"]
[Round "5.7"]
[White "Arnold, Marc T"]
[Black "Le, Quang Liem"]
[Result "0-1"]
[WhiteElo "2087"]
[BlackElo "2326"]
[PlyCount "76"]

1. d4 d5 2. c4 c6 3. cxd5 cxd5 4. Nc3 Nf6 5. Bf4 Nc6 6. e3 Bf5 7. Bd3 Bxd3 8.
Qxd3 e6 9. Nge2 Be7 10. O-O O-O 11. h3 Rc8 12. Rac1 Qd7 13. Rfd1 b6 14. Bg5 h6
15. Bxf6 Bxf6 16. a3 Na5 17. Rc2 Be7 18. e4 dxe4 19. Qxe4 Bd6 20. Qd3 Bb8 21.
Qe3 Nc4 22. Qc1 Nd6 23. Qe3 Qb7 24. Qd3 Rfd8 25. Qe3 Nf5 26. Qd3 Nh4 27. d5
exd5 28. Nd4 Ng6 29. Nf5 d4 30. Ne2 Rc5 31. Nfxd4 Nh4 32. f3 Qc7 33. Rdc1 Qh2+
34. Kf1 Qxg2+ 35. Ke1 Rxd4 36. Nxd4 Bg3+ 37. Kd1 Qg1+ 38. Kd2 Qf2+ 0-1

[Event "Jugendweltmeisterschaft U14w"]
[Site "BELFORT"]
[Date "2005.07.23"]
[Round "5.1"]
[White "Tairova, Elena"]
[Black "Zaichenko, Daria"]
[Result "1-0"]
[WhiteElo "2232"]
[BlackElo "2023"]
[PlyCount "105"]
[EventDate "2005.07.18"]

1. e4 e5 2. Nf3 Nc6 3. Bc4 Bc5 4. c3 Nf6 5. d3 d6 6. Nbd2 a6 7. Bb3 Ba7 8. h3
Be6 9. Nf1 Qd7 10. Be3 h6 11. Ba4 Bxe3 12. Nxe3 b5 13. Bc2 d5 14. Qe2 O-O 15.
g4 d4 16. Nf5 Nh7 17. cxd4 Bxf5 18. gxf5 Nxd4 19. Nxd4 Qxd4 20. Bb3 Qb4+ 21.
Qd2 Qxd2+ 22. Kxd2 c5 23. Bd5 Ra7 24. Rac1 Rc7 25. b4 Rfc8 26. bxc5 Rxc5 27.
Rxc5 Rxc5 28. f4 exf4 29. Rf1 Nf6 30. Bb3 Nh5 31. Bd1 Nf6 32. Rxf4 a5 33. Rf2
a4 34. Ke3 Nd7 35. Rc2 g6 36. fxg6 fxg6 37. Kd4 Rxc2 38. Bxc2 Kf7 39. Kd5 Nf6+
40. Kc5 Nh5 41. Kxb5 Nf4 42. h4 Ng2 43. Bxa4 Nxh4 44. Bd1 Ng2 45. a4 h5 46. a5
h4 47. a6 h3 48. Bf3 Ne1 49. Bh1 Nxd3 50. a7 Nf2 51. a8=Q Nxh1 52. Qd5+ Ke8 53.
Qd1 1-0

[Event "Jugendweltmeisterschaft U12"]
[Site "Belfort (FRA)"]
[Date "2005.07.23"]
[Round "5.3"]
[White "Narayanan, Srinath"]
[Black "Mohammad, Saeed Ishaq"]
[Result "1/2-1/2"]
[WhiteElo "2084"]
[BlackElo "2120"]
[PlyCount "217"]
[EventDate "2005.07.18"]

1. e4 c6 2. c4 d5 3. exd5 cxd5 4. cxd5 Nf6 5. Qa4+ Nbd7 6. Nc3 g6 7. Nf3 Bg7 8.
Bc4 O-O 9. d3 Nb6 10. Qb3 Bg4 11. Ng5 Qc7 12. O-O h6 13. Nge4 Nxe4 14. Nxe4
Nxc4 15. Qxc4 Qxc4 16. dxc4 Be2 17. Re1 Bxc4 18. Nc3 Rfe8 19. Be3 b6 20. Rad1
Bxc3 21. bxc3 Kh7 22. Rd2 Rad8 23. Red1 Rd7 24. Bf4 Red8 25. d6 exd6 26. Rxd6
Rxd6 27. Rxd6 Rxd6 28. Bxd6 Bxa2 29. Bb8 a6 30. Bc7 b5 31. f3 Kg7 32. Kf2 Kf6
33. Ke3 Ke6 34. Kd4 Kd7 35. Ba5 Kc6 36. g3 Bd5 37. f4 h5 38. Bd8 Be6 39. Ba5
Bh3 40. Bd8 Bg2 41. Ba5 Kd6 42. Bd8 Bf1 43. Ba5 Be2 44. Bd8 Bc4 45. Ba5 Ke6 46.
Bd8 Kf5 47. Ke3 Kg4 48. Kf2 Kh3 49. Kg1 Bd5 50. Ba5 h4 51. Kf2 Kxh2 52. gxh4
Kh3 53. Bd8 Kg4 54. Ke3 Bb7 55. Bc7 Kxh4 56. Kd4 Kg4 57. Ke5 Bg2 58. Kd4 Bf1
59. Ke5 Bc4 60. Kf6 a5 61. Bxa5 Kxf4 62. Bc7+ Kg4 63. Bb6 Kf4 64. Bc7+ Ke4 65.
Ba5 Kd3 66. Bb4 Ke3 67. Ba5 Ke4 68. Bc7 Kd5 69. Ba5 Kd6 70. Bb4+ Kc6 71. Ba5
Be6 72. Bd8 Kd5 73. Ba5 Kc4 74. Bb4 Kd3 75. Ba5 Ke2 76. Bb6 Kf3 77. Bc7 Kg4 78.
Bb6 Bc4 79. Be3 Kf3 80. Bb6 Bd3 81. Bc7 Bc4 82. Bb6 Ke4 83. Bc7 Kd5 84. Ba5 Ke4
85. Bc7 Be6 86. Bb6 Kd3 87. Ba5 Kc4 88. Bb4 Kd5 89. Ba5 Ke4 90. Bc7 Kf3 91. Bb6
Kg4 92. Be3 Kg3 93. Bb6 Kh4 94. Bf2+ Kh5 95. Be3 Bc4 96. Bd2 Kh4 97. Be3 Kg4
98. Bh6 Kf3 99. Bf8 Kg4 100. Bh6 Kh4 101. Be3 Kh5 102. Bg5 Kg4 103. Bh6 Kg3
104. Be3 Kf3 105. Bb6 Ke4 106. Bc7 b4 107. cxb4 Kd4 108. Bf4 Ke4 109. Bc1
1/2-1/2

[Event "Jugendweltmeisterschaft U12w"]
[Site "Belfort (FRA)"]
[Date "2005.07.23"]
[Round "5.4"]
[White "Arabidze, Meri"]
[Black "Solovyova, Yeunyzaveta"]
[Result "1-0"]
[WhiteElo "1599"]
[BlackElo "1921"]
[PlyCount "111"]
[EventDate "2005.07.18"]

1. d4 d5 2. c4 c6 3. cxd5 cxd5 4. Nc3 Nf6 5. Nf3 Nc6 6. Bf4 e6 7. e3 Bd6 8.
Bxd6 Qxd6 9. Bd3 O-O 10. O-O Bd7 11. Qe2 e5 12. dxe5 Nxe5 13. h3 Rac8 14. Rad1
Bc6 15. Bb1 Nxf3+ 16. Qxf3 Qe5 17. Rd4 Rcd8 18. Rfd1 g6 19. a3 Kg7 20. Ba2 a6
21. b4 b6 22. Nxd5 Nxd5 23. Bxd5 Bxd5 24. Rxd5 Rxd5 25. Qxd5 Qc7 26. Qd6 Rc8
27. Qxc7 Rxc7 28. Rd3 Rc2 29. g3 Kf8 30. Rd8+ Ke7 31. Ra8 a5 32. bxa5 bxa5 33.
Rxa5 Ra2 34. Ra8 h5 35. Kg2 Kd6 36. a4 Ke6 37. Kf3 Kd6 38. a5 Ke6 39. a6 Kd6
40. h4 Ke7 41. e4 Kf6 42. Ke3 Ke6 43. a7 Kf6 44. Kd4 Ra5 45. Kc4 Ke7 46. Kb4
Ra2 47. Kc5 Kf6 48. Kc6 Rc2+ 49. Kd7 Rd2+ 50. Ke8 Ra2 51. Kf8 Ra4 52. e5+ Kf5
53. Kxf7 Ra6 54. e6 Rc6 55. e7 Rf6+ 56. Kg7 1-0

[Event "Jugendweltmeisterschaft U10"]
[Site "Belfort"]
[Date "2005.07.23"]
[Round "5.1"]
[White "Biazliudau, Stanislau"]
[Black "Grover, Sahaj"]
[Result "0-1"]
[WhiteElo "1599"]
[BlackElo "1955"]
[PlyCount "104"]
[EventDate "2005.07.18"]

1. e4 e6 2. d4 d5 3. exd5 exd5 4. c4 Bb4+ 5. Bd2 Qe7+ 6. Qe2 Bxd2+ 7. Nxd2
Qxe2+ 8. Bxe2 Nf6 9. Ngf3 Nc6 10. O-O O-O 11. c5 Ne4 12. Rfd1 Be6 13. Bb5 Nb4
14. a3 Nxd2 15. Rxd2 a6 16. Ba4 Nc6 17. Bxc6 bxc6 18. Ne5 f6 19. Nxc6 a5 20. b4
axb4 21. Nxb4 Ra4 22. Re2 Rfa8 23. Rc1 Bf7 24. Re7 Rxa3 25. Rxc7 Ra1 26. Rc8+
Rxc8 27. Rxa1 Rb8 28. Nc6 Re8 29. Kf1 g5 30. Ra7 Kf8 31. g3 Be6 32. Rxh7 Bf7
33. h4 g4 34. Rh8+ Bg8 35. Rh5 Kg7 36. Rf5 Bh7 37. Rf4 Bd3+ 38. Kg2 Be4+ 39.
Kg1 Bf3 40. Rxf3 gxf3 41. g4 Re4 42. Kh2 Rxg4 43. Ne7 Rg2+ 44. Kh3 Rxf2 45.
Nxd5 Rd2 46. Ne3 Rd3 47. Nf5+ Kg6 48. Ne7+ Kf7 49. Nf5 Ke6 50. Ng7+ Kd5 51. h5
f2+ 52. Kg2 Rg3+ 0-1

[Event "Jugendweltmeisterschaft U10w"]
[Site "Belfort"]
[Date "2005.07.23"]
[Round "5.9"]
[White "Gaboyan, Susanna"]
[Black "Wang, Jie"]
[Result "0-1"]
[WhiteElo "1599"]
[BlackElo "1599"]
[PlyCount "202"]
[EventDate "2005.07.18"]

1. e4 c5 2. Nf3 d6 3. c3 Nf6 4. Bd3 Nc6 5. O-O Bg4 6. h3 Bh5 7. Bc2 Ne5 8. d4
cxd4 9. cxd4 Nxf3+ 10. gxf3 Qd7 11. Kh2 Rc8 12. Nc3 a6 13. Qe2 b5 14. a4 b4 15.
a5 Qc7 16. Ba4+ Kd8 17. Nd1 Qxa5 18. b3 Qb6 19. Bb2 Qb7 20. d5 Qb6 21. Bc6 a5
22. Bxf6 gxf6 23. Ne3 Qd4 24. Nc4 Qc3 25. Qe3 Qxe3 26. fxe3 Rg8 27. Nxa5 Rb8
28. Ba4 Ra8 29. Nc6+ Kc7 30. Nxb4 Bh6 31. f4 Ra5 32. Rac1+ Kb6 33. Rc6+ Kb7 34.
Rfc1 Bf3 35. Rc7+ Kb8 36. Rxe7 Rg2+ 37. Kh1 Rc2+ 38. Kg1 Rxc1+ 39. Kf2 Rxa4 40.
bxa4 Bd1 41. Nc6+ Kc8 42. Na7+ Kd8 43. Rxf7 Bxa4 44. Rxh7 Bf8 45. Rf7 Be7 46.
h4 Ke8 47. Rh7 Rc7 48. Rh8+ Bf8 49. Nc6 Bxc6 50. dxc6 Rxc6 51. Rh5 Rc5 52. Rd5
Kf7 53. Kg3 Kg6 54. h5+ Kh6 55. Kg4 Be7 56. Rf5 Kg7 57. Rd5 Kh6 58. Rf5 Rc4 59.
Kf3 Rc5 60. Kg4 Kg7 61. Rd5 Bf8 62. Rf5 Kf7 63. Rd5 Ke6 64. Rd3 Bh6 65. Rd4 Rc3
66. Kf3 Rc8 67. Rd5 Rc5 68. f5+ Ke7 69. Rd3 Rc8 70. Rd5 Rc3 71. Kf2 Rxe3 72.
Rd4 Rh3 73. Kg2 Rxh5 74. Kg3 Rg5+ 75. Kh4 Rg8 76. Kh5 Bf4 77. Kh4 Rh8+ 78. Kg4
Be5 79. Ra4 Kd7 80. Ra7+ Kc6 81. Ra4 Rb8 82. Ra3 Rb4 83. Kf3 Rc4 84. Ra2 Rc3+
85. Ke2 Kc5 86. Rd2 Bd4 87. Rd3 Rxd3 88. Kxd3 Be5 89. Ke3 Kc4 90. Kf3 Kd4 91.
Ke2 Kxe4 92. Kd2 Kxf5 93. Ke3 d5 94. Kd3 d4 95. Kd2 Ke4 96. Ke2 d3+ 97. Kd2
Bf4+ 98. Kd1 Ke3 99. Ke1 Bg3+ 100. Kd1 d2 101. Kc2 Ke2 0-1

[Event "Jugendweltmeisterschaft U18"]
[Site "Belfort (FRA)"]
[Date "2005.07.23"]
[Round "6.3"]
[White "Khairullin, Ildar"]
[Black "Pashikian, Arman"]
[Result "1/2-1/2"]
[WhiteElo "2538"]
[BlackElo "2442"]
[PlyCount "34"]
[EventDate "2005.07.18"]

1. e4 e5 2. Nf3 Nc6 3. Bb5 Nf6 4. d3 Bc5 5. Bxc6 dxc6 6. Be3 Qe7 7. O-O Bd6 8.
h3 c5 9. Nc3 h6 10. Nd2 Be6 11. Nc4 Bxc4 12. dxc4 Qe6 13. b3 O-O 14. Qe2 Rfd8
15. Rfd1 c6 16. Rd3 b6 17. Rad1 Bc7 1/2-1/2

[Event "Jugendweltmeisterschaft U18w"]
[Site "Belfort (FRA)"]
[Date "2005.07.23"]
[Round "6.1"]
[White "Purtseladze, Maka"]
[Black "Batkhuyag, Munguntuul"]
[Result "1/2-1/2"]
[WhiteElo "2313"]
[BlackElo "2391"]
[PlyCount "60"]
[EventDate "2005.07.18"]

1. d4 d5 2. c4 c6 3. Nf3 dxc4 4. e3 Be6 5. a4 Nf6 6. Nc3 g6 7. Ng5 Bd5 8. e4 h6
9. exd5 hxg5 10. dxc6 Nxc6 11. d5 Na5 12. Bxg5 Bg7 13. Be2 a6 14. O-O Qc7 15.
g3 Qd7 16. h4 Rd8 17. Bf3 Nb3 18. Ra3 O-O 19. Qe2 Nd4 20. Qd1 Nxf3+ 21. Qxf3 b5
22. axb5 axb5 23. b4 Nxd5 24. Nxd5 Qxd5 25. Bxe7 Qxf3 26. Rxf3 c3 27. Rc1 Rd2
28. Bxf8 Kxf8 29. Rfxc3 Bxc3 30. Rxc3 Rb2 1/2-1/2

[Event "Jugendweltmeisterschaft U16"]
[Site "Belfort (FRA)"]
[Date "2005.07.23"]
[Round "6.13"]
[White "Rehberg, Raphael"]
[Black "Lenderman, Alex"]
[Result "1/2-1/2"]
[WhiteElo "2233"]
[BlackElo "2378"]
[PlyCount "112"]
[EventDate "2005.07.18"]

1. e4 e5 2. Bc4 Nf6 3. d3 c6 4. Nf3 Be7 5. O-O d6 6. Bb3 Bg4 7. h3 Bh5 8. c3
O-O 9. Re1 h6 10. Nbd2 Nh7 11. Nf1 Ng5 12. Bxg5 Bxg5 13. Ng3 Bg6 14. Nxg5 Qxg5
15. Qg4 Na6 16. d4 Rad8 17. Rad1 Nc7 18. Qxg5 hxg5 19. dxe5 dxe5 20. Nf5 Kh7
21. Nd6 b6 22. f3 f6 23. Re2 Rd7 24. Red2 Rfd8 25. Nc4 Rxd2 26. Rxd2 Rxd2 27.
Nxd2 Be8 28. Nc4 g6 29. Kf2 Kg7 30. Ne3 Bd7 31. Ng4 Na6 32. Ke3 Nc5 33. Bc2 Be6
34. b4 Nb7 35. Bb3 Bxb3 36. axb3 Kf7 37. Kd3 Ke6 38. Ne3 f5 39. exf5+ gxf5 40.
g4 fxg4 41. hxg4 Nd6 42. Nf1 e4+ 43. fxe4 Ke5 44. Nd2 Kf4 45. e5 Nf7 46. e6
Ne5+ 47. Kd4 Nxg4 48. e7 Nf6 49. Ne4 Ne8 50. Nxg5 Kxg5 51. Ke5 Kg6 52. Ke6 Nf6
53. c4 c5 54. bxc5 bxc5 55. Kd6 Kf7 56. Kxc5 Kxe7 1/2-1/2